[Event "POR-ch U20"]
[Site "Luso"]
[Date "2014.07.27"]
[Round "7"]
[White "Oliveira, Joao Andre CD"]
[Black "Meireles, Ana Maria Queiros"]
[Result "0-1"]
[WhiteElo "1581"]
[BlackElo "1733"]
[PlyCount "64"]
[EventDate "2014.07.23"]
[EventType "swiss"]
[EventRounds "7"]
[EventCountry "POR"]
[SourceTitle "EXT 2015"]
[Source "ChessBase"]
[SourceDate "2014.11.20"]
[SourceVersion "1"]
[SourceVersionDate "2014.11.20"]
[SourceQuality "1"]

1. f4 Nf6 2. Nf3 g6 3. b3 Bg7 4. Bb2 0-0 5. e3 d6 6. Bd3 c5 7. 0-0 Nc6 8. a3 Qc7 9. Nc3 e5 10. fxe5 dxe5 11. Ne4 Nxe4 12. Bxe4 Bd7 13. Ng5 h6 14. Nxf7 Rxf7 15. Bd5 Raf8 16. Rxf7 Rxf7 17. Qf3 Be8 18. Rf1 Nd8 19. Bxf7+ Nxf7 20. Qd5 Qc6 21. e4 Qxd5 22. exd5 Bd7 23. Re1 Kf8 24. c4 Bf5 25. Re3 Bc2 26. Rc3 Bb1 27. Rc1 Bd3 28. b4 b6 29. bxc5 bxc5 30. a4 e4 31. Ba3 Bd4+ 32. Kh1 Nd6 0-1

[Event "POR-ch U20"]
[Site "Luso"]
[Date "2014.07.24"]
[Round "2"]
[White "Fernandes, Afonso Sampaio SP"]
[Black "Meireles, Ana Maria Queiros"]
[Result "1-0"]
[WhiteElo "1798"]
[BlackElo "1733"]
[PlyCount "81"]
[EventDate "2014.07.23"]
[EventType "swiss"]
[EventRounds "7"]
[EventCountry "POR"]
[SourceTitle "EXT 2015"]
[Source "ChessBase"]
[SourceDate "2014.11.20"]
[SourceVersion "1"]
[SourceVersionDate "2014.11.20"]
[SourceQuality "1"]

1. d4 Nf6 2. c4 g6 3. Nc3 d5 4. cxd5 Nxd5 5. e4 Nxc3 6. bxc3 Bg7 7. Be3 0-0 8. Qd2 Re8 9. f4 c5 10. Nf3 Nc6 11. d5 Qa5 12. e5 Rd8 13. Rb1 Qa4 14. Bb5 Qe4 15. Rd1 a6 16. Ng5 Qf5 17. Bd3 Rxd5 18. Bxf5 Rxd2 19. Rxd2 Bxf5 20. Bxc5 f6 21. exf6 Bxf6 22. Bd4 Nxd4 23. cxd4 Rd8 24. Nf3 Be4 25. Ne5 g5 26. Rf1 b5 27. Ke2 Bd5 28. Ke3 gxf4+ 29. Kxf4 h6 30. Kg3 Kh7 31. Nf3 Bxf3 32. Rxf3 Bxd4 33. Rf4 Rg8+ 34. Kf3 e5 35. Rf7+ Kg6 36. Rc7 Rf8+ 37. Ke4 Rf6 38. Rd3 Rf4+ 39. Kd5 Rf6 40. Rg3+ Kh5 41. Ke4 1-0

[Event "EU-ch U18 Girls"]
[Site "Prague"]
[Date "2012.08.24"]
[Round "8"]
[White "Roy, Ali"]
[Black "Meireles, Ana Maria Queiros"]
[Result "1-0"]
[WhiteElo "1836"]
[BlackElo "1716"]
[PlyCount "69"]
[EventDate "2012.08.17"]
[EventType "swiss"]
[EventRounds "9"]
[EventCountry "CZE"]
[SourceTitle "CBM 150 Extra"]
[Source "ChessBase"]
[SourceDate "2012.10.19"]
[SourceVersion "1"]
[SourceVersionDate "2012.10.19"]
[SourceQuality "1"]

1. Nf3 Nf6 2. c4 g6 3. b3 Bg7 4. Bb2 0-0 5. e3 c5 6. Be2 Nc6 7. 0-0 d6 8. d4 cxd4 9. exd4 d5 10. Nbd2 Bf5 11. Ne5 Rc8 12. Ndf3 Ne4 13. Re1 Bh6 14. cxd5 Nb4 15. Bc4 b5 16. Bxb5 Nxd5 17. Bd3 Nec3 18. Bxc3 Bxd3 19. Qxd3 Rxc3 20. Qe4 Nb4 21. Ng4 Bg7 22. Ne3 Qc7 23. a3 Qc6 24. d5 Rxe3 25. fxe3 Nxd5 26. Rad1 e6 27. Nd4 Qa6 28. Qc2 Rc8 29. Qf2 Qxa3 30. Rf1 Qe7 31. e4 Nb4 32. Nb5 a6 33. Nd6 Rc7 34. Qb6 Nc2 35. Qb8+ 1-0

[Event "EU-ch U18 Girls"]
[Site "Prague"]
[Date "2012.08.18"]
[Round "2"]
[White "Khlichkova, Tatiana"]
[Black "Meireles, Ana Maria Queiros"]
[Result "1-0"]
[WhiteElo "2123"]
[BlackElo "1716"]
[PlyCount "41"]
[EventDate "2012.08.17"]
[EventType "swiss"]
[EventRounds "9"]
[EventCountry "CZE"]
[SourceTitle "CBM 150 Extra"]
[Source "ChessBase"]
[SourceDate "2012.10.19"]
[SourceVersion "1"]
[SourceVersionDate "2012.10.19"]
[SourceQuality "1"]

1. d4 Nf6 2. Bg5 e6 3. e4 h6 4. Bxf6 Qxf6 5. Nf3 d5 6. Nbd2 dxe4 7. Nxe4 Qd8 8. Bd3 Nd7 9. Qe2 c5 10. 0-0-0 cxd4 11. Nxd4 Be7 12. g4 Qa5 13. Kb1 a6 14. Nxe6 fxe6 15. Nd6+ Bxd6 16. Qxe6+ Be7 17. Rhe1 Ne5 18. Bg6+ Nxg6 19. Qxg6+ Kf8 20. Rxe7 Kxe7 21. Qxg7+ 1-0

[Event "EU-ch U18 Girls"]
[Site "Prague"]
[Date "2012.08.17"]
[Round "1"]
[White "Meireles, Ana Maria Queiros"]
[Black "Tran, My Linh"]
[Result "1-0"]
[WhiteElo "1716"]
[BlackElo "2031"]
[PlyCount "119"]
[EventDate "2012.08.17"]
[EventType "swiss"]
[EventRounds "9"]
[EventCountry "CZE"]
[SourceTitle "CBM 150 Extra"]
[Source "ChessBase"]
[SourceDate "2012.10.19"]
[SourceVersion "1"]
[SourceVersionDate "2012.10.19"]
[SourceQuality "1"]

1. e4 e5 2. Nf3 Nc6 3. Bb5 g6 4. 0-0 Bg7 5. Nc3 a6 6. Bc4 d6 7. d3 Nf6 8. a4 a5 9. Bg5 h6 10. Be3 0-0 11. h3 Be6 12. Bxe6 fxe6 13. Ne2 Nh5 14. c3 g5 15. Ng3 Nf4 16. d4 Qe8 17. dxe5 Nxe5 18. Nxe5 Bxe5 19. Bd4 Ng6 20. Ne2 Rd8 21. Bxe5 dxe5 22. Qc2 Nf4 23. Rfd1 Rxd1+ 24. Qxd1 Qc6 25. Qc2 Qc5 26. Ng3 Rd8 27. Rd1 Rd6 28. Nf1 Qc4 29. Rxd6 cxd6 30. Ne3 Qc6 31. g3 Nh5 32. Qb3 Ng7 33. Qc4 Kf7 34. Qxc6 bxc6 35. Nc4 Ke7 36. Nxa5 Kd7 37. Nc4 Ne8 38. Kf1 Nc7 39. Ke2 Na6 40. b4 Kc7 41. Ke3 Nb8 42. f4 exf4+ 43. gxf4 Nd7 44. fxg5 hxg5 45. Nd2 Ne5 46. Nf3 Nf7 47. Kd4 Kb6 48. a5+ Kb7 49. e5 dxe5+ 50. Nxe5 Nd6 51. c4 Kc7 52. Nf3 Nf7 53. b5 cxb5 54. cxb5 Kb7 55. Kc5 e5 56. Kd5 e4 57. Kxe4 Nd6+ 58. Ke5 Nxb5 59. Nxg5 Na7 60. h4 1-0

[Event "POR-ch prel"]
[Site "Matosinhos"]
[Date "2012.08.09"]
[Round "6.18"]
[White "Mendes, Pedro Miguel Gomes"]
[Black "Meireles, Ana Maria Queiros"]
[Result "1-0"]
[WhiteElo "1680"]
[BlackElo "1716"]
[PlyCount "157"]
[EventDate "2012.08.04"]
[EventType "swiss"]
[EventRounds "9"]
[EventCountry "POR"]
[SourceTitle "EXT 2015"]
[Source "ChessBase"]
[SourceDate "2014.11.20"]
[SourceVersion "1"]
[SourceVersionDate "2014.11.20"]
[SourceQuality "1"]

1. e4 e6 2. d3 d5 3. Nd2 Nf6 4. Ngf3 dxe4 5. dxe4 Be7 6. g3 0-0 7. Bg2 c5 8. 0-0 Nc6 9. c3 Nd7 10. Re1 Nde5 11. Nxe5 Nxe5 12. Qh5 Nd3 13. Re2 e5 14. Nf3 Nxc1 15. Rxc1 f6 16. Nh4 Rf7 17. f4 Qc7 18. Nf5 Bf8 19. Ne3 exf4 20. Nd5 Qe5 21. Qf3 fxg3 22. hxg3 Bd6 23. Nf4 Qg5 24. Rd1 Bg4 25. Nh3 Bxf3 26. Nxg5 Bxe2 27. Nxf7 Bxd1 28. Nxd6 b6 29. e5 Rd8 30. Nc4 fxe5 31. Nxe5 Be2 32. Kf2 Rd2 33. b4 Rxa2 34. Bd5+ Kf8 35. Bxa2 Bb5 36. Bb1 cxb4 37. cxb4 a5 38. bxa5 bxa5 39. Bxh7 Ke7 40. Ke3 Kf6 41. Nf3 Bc4 42. Bc2 Bb5 43. Nd4 Be8 44. Ne2 Ke5 45. Nc3 Kd6 46. Kd4 Bf7 47. Ba4 Ke7 48. Ne4 Bg6 49. Nc5 Kf6 50. Nb7 Kg5 51. Ke3 Kg4 52. Kf2 Bf5 53. Nxa5 Be6 54. Nc6 Kg5 55. Nd4 Bc8 56. Bc6 Kf6 57. Ke3 Bh3 58. Kf4 Bc8 59. Nf3 Bh3 60. Bb5 Bc8 61. Ng5 Kg6 62. Be8+ Kf6 63. Ne4+ Ke7 64. Kg5 Bb7 65. Nc5 Bd5 66. Bg6 Bc4 67. Ne4 Bd5 68. Nf2 Bc4 69. Ng4 Bb3 70. Bd3 Bf7 71. Ne5 Be8 72. Bc4 Kd6 73. Nf7+ Kc5 74. Ba2 Kd4 75. Kg6 Ke3 76. g4 Kf4 77. g5 Kg4 78. Bb3 Kf4 79. Be6 1-0

[Event "POR-ch prel"]
[Site "Matosinhos"]
[Date "2012.08.06"]
[Round "3.11"]
[White "Meireles, Ana Maria Queiros"]
[Black "Margarido, Ricardo Emanuel Tor"]
[Result "0-1"]
[WhiteElo "1716"]
[BlackElo "1937"]
[PlyCount "116"]
[EventDate "2012.08.04"]
[EventType "swiss"]
[EventRounds "9"]
[EventCountry "POR"]
[SourceTitle "EXT 2015"]
[Source "ChessBase"]
[SourceDate "2014.11.20"]
[SourceVersion "1"]
[SourceVersionDate "2014.11.20"]
[SourceQuality "1"]

1. e4 c5 2. Nf3 e6 3. Nc3 a6 4. d4 cxd4 5. Nxd4 b5 6. e5 Bb7 7. Be3 Qc7 8. f4 Bc5 9. Qd2 Nh6 10. Ndxb5 axb5 11. Nxb5 Qc6 12. Bxc5 d5 13. Nd6+ Kd8 14. Nxb7+ Qxb7 15. Qb4 Qxb4+ 16. Bxb4 Nc6 17. Bc5 Nf5 18. c3 Kc7 19. b4 Rhd8 20. g4 Nh6 21. h3 d4 22. b5 Na5 23. Bxd4 Nb3 24. Rd1 Nxd4 25. cxd4 Rxa2 26. Be2 Ra4 27. Kf2 Rdxd4 28. Rxd4 Rxd4 29. Ke3 Rb4 30. Ra1 Kb7 31. Rd1 Kc7 32. Bd3 g6 33. Rd2 Ng8 34. Rc2+ Kb7 35. Be4+ Kb6 36. Rc8 Rb3+ 37. Bd3 Ne7 38. Rf8 Nd5+ 39. Ke4 Rb4+ 40. Kf3 Rxf4+ 41. Kg3 Rd4 42. Bf1 Ne3 43. Be2 Rd7 44. Rh8 Nd5 45. Rxh7 Nc3 46. Bc4 Rd4 47. Bf1 Ne4+ 48. Kf4 Rb4 49. Ke3 Ng5 50. Rg7 Re4+ 51. Kf2 Rxe5 52. h4 Ne4+ 53. Ke3 Nd6+ 54. Kf4 Re1 55. Bd3 e5+ 56. Kg5 e4 57. Bc2 Rc1 58. Bb3 e3 0-1

[Event "POR-ch U18"]
[Site "Torres Vedras"]
[Date "2012.03.28"]
[Round "6.3"]
[White "Silva, Luis Neves Da"]
[Black "Meireles, Ana Maria Queiros"]
[Result "1-0"]
[WhiteElo "2055"]
[BlackElo "1685"]
[PlyCount "45"]
[EventDate "2012.03.25"]
[EventType "swiss"]
[EventRounds "7"]
[EventCountry "POR"]
[SourceTitle "EXT 2015"]
[Source "ChessBase"]
[SourceDate "2014.11.20"]
[SourceVersion "1"]
[SourceVersionDate "2014.11.20"]
[SourceQuality "1"]

1. d4 Nf6 2. c4 g6 3. Nc3 d5 4. Bf4 Bg7 5. Rc1 dxc4 6. e3 c5 7. d5 0-0 8. Bxc4 Nh5 9. Bg5 a6 10. a4 b6 11. Nge2 Bb7 12. 0-0 Nd7 13. f4 Nhf6 14. e4 Ne8 15. Bh4 Kh8 16. Qd3 Nd6 17. b3 Nc8 18. e5 f6 19. e6 Nb8 20. f5 g5 21. Bg3 a5 22. Rfd1 Na6 23. Nb5 1-0

[Event "POR-ch (Women)"]
[Site "Lisbon"]
[Date "2011.12.20"]
[Round "5"]
[White "Correia, Sandra Ventura"]
[Black "Meireles, Ana Maria Queiros"]
[Result "0-1"]
[WhiteElo "1859"]
[BlackElo "1678"]
[PlyCount "30"]
[EventDate "2011.12.17"]
[EventType "swiss"]
[EventRounds "6"]
[EventCountry "POR"]
[SourceTitle "CBM 146 Extra"]
[Source "ChessBase"]
[SourceDate "2012.02.29"]
[SourceVersion "1"]
[SourceVersionDate "2012.02.29"]
[SourceQuality "1"]

1. e4 e6 2. d4 d5 3. Nc3 Bb4 4. e5 c5 5. Bd2 Ne7 6. Nb5 Bxd2+ 7. Qxd2 0-0 8. f4 a6 9. Nd6 Qb6 10. Nf3 Qxb2 11. Qd1 Qc3+ 12. Kf2 Nbc6 13. Rb1 Nxd4 14. Nxd4 cxd4 15. Nxb7 Qe3# 0-1

[Event "POR-ch (Women)"]
[Site "Vila Nova de Foz Coa"]
[Date "2011.07.05"]
[Round "5.4"]
[White "Monteiro, Sara Cristina da Si"]
[Black "Meireles, Ana Maria Queiros"]
[Result "1-0"]
[WhiteElo "1870"]
[BlackElo "1692"]
[PlyCount "31"]
[EventDate "2011.07.02"]
[EventType "swiss"]
[EventRounds "6"]
[EventCountry "POR"]
[SourceTitle "EXT 2012"]
[Source "ChessBase"]
[SourceDate "2011.11.24"]
[SourceVersion "1"]
[SourceVersionDate "2011.11.24"]
[SourceQuality "1"]

1. d4 Nf6 2. c4 g6 3. Nc3 d5 4. e3 Bg7 5. Nf3 c5 6. Bd3 dxc4 7. Qa4+ Nfd7 8. Bxc4 0-0 9. dxc5 Nxc5 10. Qc2 Nc6 11. 0-0 Qa5 12. a3 Bf5 13. e4 Bg4 14. b4 Nxb4 15. axb4 Qxb4 16. Nd5 1-0

[Event "POR-ch (Women)"]
[Site "Vila Nova de Foz Coa"]
[Date "2011.07.03"]
[Round "3.7"]
[White "Branco, Joana Catarina Cost"]
[Black "Meireles, Ana Maria Queiros"]
[Result "1/2-1/2"]
[WhiteElo "1309"]
[BlackElo "1692"]
[PlyCount "132"]
[EventDate "2011.07.02"]
[EventType "swiss"]
[EventRounds "6"]
[EventCountry "POR"]
[SourceTitle "EXT 2012"]
[Source "ChessBase"]
[SourceDate "2011.11.24"]
[SourceVersion "1"]
[SourceVersionDate "2011.11.24"]
[SourceQuality "1"]

1. e4 e6 2. Nf3 d5 3. exd5 exd5 4. d4 Bd6 5. Be2 Ne7 6. 0-0 0-0 7. Qd3 Bf5 8. Qb3 Nbc6 9. c3 Qc8 10. Qd1 Ng6 11. Bd3 Bxd3 12. Qxd3 Nf4 13. Bxf4 Bxf4 14. Nbd2 Ne7 15. Rfe1 Bd6 16. Ng5 Ng6 17. Qh3 Qxh3 18. Nxh3 Rae8 19. Nf3 h6 20. Re3 Rxe3 21. fxe3 Re8 22. Kf2 Ne7 23. g3 g5 24. Ne1 Nf5 25. Nc2 Re4 26. Rf1 Kg7 27. Ke2 Kg6 28. Nf2 Re6 29. Ra1 Ng7 30. a4 f5 31. a5 f4 32. Kf3 fxg3 33. hxg3 Rf6+ 34. Kg2 Re6 35. Re1 Nf5 36. e4 dxe4 37. Rxe4 Rf6 38. Ng4 Rf8 39. Re6+ Kg7 40. Nce3 Nxe3+ 41. Rxe3 h5 42. Ne5 Re8 43. Kf3 c6 44. Nc4 Rxe3+ 45. Nxe3 Kf6 46. Nc4 Bc7 47. b4 g4+ 48. Kg2 Kg5 49. Nd2 h4 50. gxh4+ Kxh4 51. Ne4 g3 52. Nc5 b6 53. axb6 axb6 54. Ne6 Bd6 55. Nd8 c5 56. dxc5 bxc5 57. b5 c4 58. Nc6 Kg4 59. Na5 Be5 60. Nxc4 Bb8 61. Na5 Kf4 62. Nc6 Bc7 63. c4 Ke4 64. c5 Kd5 65. b6 Kxc6 66. bxc7 Kxc7 1/2-1/2

[Event "POR-ch (Women)"]
[Site "Vila Nova de Foz Coa"]
[Date "2011.07.03"]
[Round "2.4"]
[White "Meireles, Ana Maria Queiros"]
[Black "Jeremias, Bianca"]
[Result "0-1"]
[WhiteElo "1692"]
[BlackElo "1951"]
[PlyCount "70"]
[EventDate "2011.07.02"]
[EventType "swiss"]
[EventRounds "6"]
[EventCountry "POR"]
[SourceTitle "EXT 2012"]
[Source "ChessBase"]
[SourceDate "2011.11.24"]
[SourceVersion "1"]
[SourceVersionDate "2011.11.24"]
[SourceQuality "1"]

1. e4 e6 2. d4 d5 3. Nd2 Nf6 4. e5 Nfd7 5. Bd3 c5 6. c3 Nc6 7. Ne2 cxd4 8. cxd4 f6 9. exf6 Nxf6 10. 0-0 Bd6 11. Nf3 Qc7 12. Nc3 a6 13. Re1 0-0 14. Bb1 Bf4 15. Ne2 Bxc1 16. Qxc1 Ng4 17. Qc2 g6 18. Ng3 Qf4 19. h3 Nh6 20. Nh5 Nxd4 21. Nxf4 Nxc2 22. Bxc2 Rxf4 23. Re2 Nf7 24. Rae1 Bd7 25. Ne5 Nxe5 26. Rxe5 Rc8 27. Bd3 Rb4 28. R5e2 Rb6 29. Rd1 Kf7 30. f4 Bb5 31. Bxb5 Rxb5 32. Kf2 Rc4 33. Ke3 Re4+ 34. Kf3 Rxe2 35. Kxe2 Rxb2+ 0-1

[Event "POR-chT 52nd"]
[Site "Vila Nova de Gaia"]
[Date "2010.07.30"]
[Round "7.5"]
[White "Meireles, Ana Maria Queiros"]
[Black "Guerreiro, Nuno M"]
[Result "0-1"]
[WhiteElo "1681"]
[BlackElo "2109"]
[PlyCount "40"]
[EventDate "2010.07.24"]
[EventType "team-tourn"]
[EventRounds "9"]
[EventCountry "POR"]
[SourceTitle "EXT 2011"]
[Source "ChessBase"]
[SourceDate "2010.11.26"]
[SourceVersion "1"]
[SourceVersionDate "2010.11.26"]
[SourceQuality "1"]
[WhiteTeam "Amiguinhos"]
[BlackTeam "Faro"]
[WhiteTeamCountry "POR"]
[BlackTeamCountry "POR"]

1. e4 Nc6 2. d4 d5 3. e5 f6 4. exf6 Nxf6 5. Bf4 Bg4 6. Qd3 e6 7. Be2 Bd6 8. Bg3 0-0 9. Bxg4 Nxg4 10. Nf3 e5 11. dxe5 Bxe5 12. Bxe5 Ncxe5 13. Nxe5 Nxf2 14. Qd4 Nxh1 15. Nf3 c5 16. Qg1 Qb6 17. Nbd2 Qxb2 18. Rb1 Qxc2 19. Qxh1 Rae8+ 20. Kf2 Qxd2+ 0-1

[Event "POR-chT 52nd"]
[Site "Vila Nova de Gaia"]
[Date "2010.07.24"]
[Round "1.2"]
[White "Finkler, Kai Andreas"]
[Black "Meireles, Ana Maria Queiros"]
[Result "1/2-1/2"]
[WhiteElo "2017"]
[BlackElo "1681"]
[PlyCount "73"]
[EventDate "2010.07.24"]
[EventType "team-tourn"]
[EventRounds "9"]
[EventCountry "POR"]
[SourceTitle "EXT 2011"]
[Source "ChessBase"]
[SourceDate "2010.11.26"]
[SourceVersion "1"]
[SourceVersionDate "2010.11.26"]
[SourceQuality "1"]
[WhiteTeam "Albufeira"]
[BlackTeam "Amiguinhos"]
[WhiteTeamCountry "POR"]
[BlackTeamCountry "POR"]

1. Nf3 Nf6 2. g3 g6 3. Bg2 Bg7 4. 0-0 0-0 5. c4 d5 6. cxd5 Nxd5 7. Nc3 Nxc3 8. bxc3 c5 9. d4 Nc6 10. Bb2 Qb6 11. Ba3 cxd4 12. Nxd4 Nxd4 13. cxd4 Qxd4 14. Rb1 Qxd1 15. Rfxd1 Bf6 16. Bxb7 Rb8 17. Bxc8 Rxb1 18. Rxb1 Rxc8 19. Rc1 Rxc1+ 20. Bxc1 Kf8 21. Kg2 Ke8 22. Kf3 Kd7 23. Ke4 e6 24. Kd3 Kc6 25. Kc4 Bd8 26. Be3 Bb6 27. Bxb6 Kxb6 28. e4 f6 29. f4 Kc6 30. g4 h6 31. h4 g5 32. hxg5 hxg5 33. fxg5 fxg5 34. Kd4 Kd6 35. e5+ Kc6 36. Kc4 a5 37. a4 1/2-1/2

[Event "Mondariz Balneario op 9th"]
[Site "Mondariz"]
[Date "2009.12.30"]
[Round "7"]
[White "Sio Areal, Manuel"]
[Black "Meireles, Ana Maria Queiros"]
[Result "0-1"]
[WhiteElo "1507"]
[BlackElo "1635"]
[PlyCount "80"]
[EventDate "2009.12.26"]
[EventType "swiss"]
[EventRounds "7"]
[EventCountry "ESP"]
[SourceTitle "CBM 134 Extra"]
[Source "ChessBase"]
[SourceDate "2010.03.03"]
[SourceVersion "1"]
[SourceVersionDate "2010.03.03"]
[SourceQuality "1"]

1. d4 Nf6 2. Bf4 g6 3. Nf3 Bg7 4. e3 0-0 5. h3 d5 6. Nbd2 c5 7. c3 cxd4 8. exd4 Bf5 9. Ne5 Qb6 10. Rb1 Bxb1 11. Qxb1 Nfd7 12. h4 Nxe5 13. Bxe5 Bxe5 14. dxe5 Nd7 15. f4 Qe3+ 16. Be2 Qg3+ 17. Kf1 Qxf4+ 18. Nf3 Nxe5 19. h5 Nxf3 20. Bxf3 Kg7 21. Qe1 e5 22. Rh4 Qf5 23. Kg1 Rad8 24. hxg6 hxg6 25. Qg3 Rh8 26. Bg4 Qb1+ 27. Kf2 Qxb2+ 28. Be2 Qb6+ 29. Ke1 Rxh4 30. Qxh4 Rh8 31. Qg3 Rh1+ 32. Bf1 Qb1+ 33. Kd2 Qb2+ 34. Kd3 e4+ 35. Kd4 Qd2+ 36. Kc5 b6+ 37. Kc6 Rxf1 38. Qe5+ Kh7 39. Qh2+ Qh6 40. Qe5 Qf4 0-1

[Event "Mondariz Balneario op 9th"]
[Site "Mondariz"]
[Date "2009.12.27"]
[Round "3"]
[White "Meireles, Ana Maria Queiros"]
[Black "Montes Gutierrez, Ignacio"]
[Result "0-1"]
[WhiteElo "1635"]
[BlackElo "2154"]
[PlyCount "62"]
[EventDate "2009.12.26"]
[EventType "swiss"]
[EventRounds "7"]
[EventCountry "ESP"]
[SourceTitle "CBM 134 Extra"]
[Source "ChessBase"]
[SourceDate "2010.03.03"]
[SourceVersion "1"]
[SourceVersionDate "2010.03.03"]
[SourceQuality "1"]

1. e4 d5 2. exd5 Qxd5 3. Nc3 Qa5 4. d4 Nf6 5. Nf3 c6 6. Bd2 Qc7 7. Bc4 Bf5 8. Bb3 e6 9. Qe2 Nbd7 10. Nh4 Bg6 11. 0-0-0 0-0-0 12. Nxg6 hxg6 13. h3 Nb6 14. Be3 Bb4 15. Rd3 Rh5 16. Bd2 Rh4 17. Be3 Bxc3 18. Rxc3 Nbd5 19. Bxd5 Nxd5 20. Ra3 Nxe3 21. fxe3 Kb8 22. Rf1 Re4 23. Qf3 f5 24. g4 Qd6 25. Rd3 Rh8 26. Rg1 Qh2 27. Rg3 fxg4 28. Qxe4 Qxg3 29. hxg4 Rh4 30. Qxg6 Rh1+ 31. Kd2 Qe1# 0-1

[Event "EU-ch U16 Girls 19th"]
[Site "Fermo"]
[Date "2009.09.09"]
[Round "9"]
[White "Meireles, Ana Maria Queiros"]
[Black "Vasilescu, Maria"]
[Result "0-1"]
[WhiteElo "1611"]
[BlackElo "1761"]
[PlyCount "34"]
[EventDate "2009.08.31"]
[EventType "swiss"]
[EventRounds "9"]
[EventCountry "ITA"]
[SourceTitle "CBM 132 Extra"]
[Source "ChessBase"]
[SourceDate "2009.11.03"]
[SourceVersion "1"]
[SourceVersionDate "2009.11.03"]
[SourceQuality "1"]

1. e4 e5 2. Nf3 Nc6 3. Bb5 a6 4. Ba4 d6 5. c3 f5 6. exf5 Bxf5 7. 0-0 Bd3 8. Re1 e4 9. Nd4 Nge7 10. Nxc6 Nxc6 11. f3 d5 12. fxe4 Bc5+ 13. Kh1 0-0 14. exd5 Bf2 15. Rf1 Bxf1 16. Qxf1 Qh4 17. h3 Rae8 0-1

[Event "EU-ch U16 Girls 19th"]
[Site "Fermo"]
[Date "2009.09.07"]
[Round "7"]
[White "Meireles, Ana Maria Queiros"]
[Black "Monteiro, Joana Filipa Da Sil"]
[Result "1-0"]
[WhiteElo "1611"]
[BlackElo "1458"]
[PlyCount "51"]
[EventDate "2009.08.31"]
[EventType "swiss"]
[EventRounds "9"]
[EventCountry "ITA"]
[SourceTitle "CBM 132 Extra"]
[Source "ChessBase"]
[SourceDate "2009.11.03"]
[SourceVersion "1"]
[SourceVersionDate "2009.11.03"]
[SourceQuality "1"]

1. e4 d6 2. d4 Nf6 3. Nc3 g6 4. f4 Bg7 5. a3 0-0 6. Nf3 c6 7. Be2 Qc7 8. 0-0 Nbd7 9. Kh1 c5 10. d5 a6 11. a4 b6 12. Bc4 Nh5 13. Qe1 Bb7 14. Bd2 Rae8 15. Qh4 e6 16. dxe6 fxe6 17. f5 Bf6 18. Qg4 d5 19. exd5 Bxc3 20. dxe6 Ndf6 21. e7+ Rf7 22. Bxf7+ Kxf7 23. Qc4+ Bd5 24. Qxc3 Ne4 25. fxg6+ Kxg6 26. Nh4# 1-0

[Event "EU-ch U16 Girls 19th"]
[Site "Fermo"]
[Date "2009.09.04"]
[Round "5"]
[White "Meireles, Ana Maria Queiros"]
[Black "Palmitessa, Chiara"]
[Result "0-1"]
[WhiteElo "1611"]
[BlackElo "1807"]
[PlyCount "44"]
[EventDate "2009.08.31"]
[EventType "swiss"]
[EventRounds "9"]
[EventCountry "ITA"]
[SourceTitle "CBM 132 Extra"]
[Source "ChessBase"]
[SourceDate "2009.11.03"]
[SourceVersion "1"]
[SourceVersionDate "2009.11.03"]
[SourceQuality "1"]

1. e4 e5 2. Nf3 Nc6 3. Bb5 a6 4. Ba4 Nf6 5. 0-0 b5 6. Bb3 Bc5 7. c3 d6 8. Re1 Bb6 9. d3 0-0 10. Nbd2 Be6 11. Bc2 Ng4 12. Re2 f5 13. h3 Nh6 14. exf5 Bxf5 15. Ne4 Bxh3 16. Bb3+ Kh8 17. Bd5 Qd7 18. gxh3 Rxf3 19. Nc5 Qxh3 20. Bxf3 Qxf3 21. Bxh6 gxh6 22. Ne4 Rg8+ 0-1

[Event "EU-ch U14 Girls 18th"]
[Site "Herceg Novi"]
[Date "2008.09.23"]
[Round "8"]
[White "Strzelczyk, Anna"]
[Black "Meireles, Ana Maria Queiros"]
[Result "1-0"]
[WhiteElo "1823"]
[BlackElo "1531"]
[PlyCount "65"]
[EventDate "2008.09.15"]
[EventType "swiss"]
[EventRounds "9"]
[EventCountry "MNE"]
[SourceTitle "CBM 126 Extra"]
[Source "ChessBase"]
[SourceDate "2008.11.05"]
[SourceVersion "1"]
[SourceVersionDate "2008.11.05"]
[SourceQuality "1"]

1. e4 e6 2. d4 d5 3. Nc3 dxe4 4. Nxe4 Nd7 5. Nf3 b6 6. Bd3 Bb7 7. Qe2 Ngf6 8. Neg5 h6 9. Nxf7 Kxf7 10. Nh4 g5 11. Bg6+ Kg7 12. Qxe6 Bd5 13. Qh3 gxh4 14. Bf5 Bd6 15. Be3 Qe8 16. 0-0-0 Be4 17. Be6 Qg6 18. f3 Bxc2 19. Rd2 Ba4 20. g3 Kf8 21. gxh4 Bb4 22. Rg2 Qd3 23. f4 Bc6 24. d5 Nxd5 25. Bxd7 Bxd7 26. Bc5+ Bxc5 27. Qxd3 Bc6 28. Qf5+ Ke8 29. Qe5+ Kd7 30. Rd1 Rae8 31. Qf5+ Kd8 32. Qf6+ Kd7 33. Rg7+ 1-0

[Event "EU Union-ch U14"]
[Site "Mureck"]
[Date "2007.08.??"]
[Round "5"]
[White "Meireles, Ana Maria Queiros"]
[Black "Edes, Zsofia"]
[Result "0-1"]
[WhiteElo "1578"]
[BlackElo "1831"]
[PlyCount "62"]
[EventDate "2007.08.??"]
[EventType "swiss"]
[EventRounds "9"]
[EventCountry "AUT"]
[SourceTitle "EXT 2008"]
[Source "ChessBase"]
[SourceDate "2007.11.25"]
[SourceVersion "1"]
[SourceVersionDate "2007.11.25"]
[SourceQuality "1"]

1. e4 e5 2. Nf3 Nc6 3. Bb5 a6 4. Ba4 Bc5 5. 0-0 b5 6. Bb3 d6 7. c3 Nf6 8. Re1 0-0 9. h3 h6 10. d3 Bb7 11. Nbd2 Ba7 12. Nf1 Ne7 13. Ng3 Ng6 14. h4 Ng4 15. d4 Nxh4 16. Nxe5 Nxe5 17. dxe5 dxe5 18. Qg4 Bc8 19. Qh5 Qf6 20. Re2 Kh7 21. Be3 Ng6 22. Nf5 Bxe3 23. Rxe3 Nf4 24. Qf3 Rb8 25. Ng3 Rb6 26. Rd1 Qg5 27. Nf1 Bg4 28. Qg3 Bxd1 29. Qxg5 hxg5 30. Bxd1 Rh6 31. Bb3 c5 0-1